I-90 Quiz - Statistics

General Stats
  • This quiz has been taken 1,500 times
    1,498 since last reset
  • The average score is 12 of 13
Answer Stats
Answer % Correct
New York
97%
Washington
96%
Illinois
95%
Ohio
95%
Idaho
94%
Indiana
94%
South Dakota
94%
Montana
92%
Pennsylvania
92%
Minnesota
89%
Wisconsin
87%
Wyoming
84%
Massachusetts
79%
No matching quizzes found
Score Distribution
Percent of People with Each Score
Percentile by Number Answered
Your Score History
You have not taken this quiz since the last reset